Central Library OPAC University of Rajshahi

Happiness : (Record no. 65739)

MARC details
000 -LEADER
fixed length control field 00851nam a2200265 a 4500
001 - CONTROL NUMBER
control field 65739
003 - CONTROL NUMBER IDENTIFIER
rucl marc code BD-RjUL
005 - DATE AND TIME OF LATEST TRANSACTION
control field 20211209081446.0
008 - FIXED-LENGTH DATA ELEMENTS--GENERAL INFORMATION
fixed length control field 170311s1950 ru 000 1 eng d
035 ## - SYSTEM CONTROL NUMBER
System control number (BD-RjUL)65869
System control number (OCoLC)2394533
040 ## - CATALOGING SOURCE
Original cataloging agency DLC
Transcribing agency ViW
Modifying agency Uk
-- DLC
-- BD-RjUL
Language of cataloging eng
041 1# - LANGUAGE CODE
Language code of text/sound track or separate title engrus
082 ## - DEWEY DECIMAL CLASSIFICATION NUMBER
Edition number 23
Classification number 891.73
Author mark and year PAH 1950
100 1# - MAIN ENTRY--PERSONAL NAME
Personal name Pavlenko, Pyotr
Dates associated with a name 1899-1951.
9 (RLIN) 194388
245 10 - TITLE STATEMENT
Title Happiness :
Remainder of title a novel /
Statement of responsibility, etc. Pyotr Pavlenko ; Translated from the Russian by J. Fineberg
260 ## - PUBLICATION, DISTRIBUTION, ETC. (IMPRINT)
Place of publication, distribution, etc. Moscow :
Name of publisher, distributor, etc. Foreign Languages Pub. House,
Date of publication, distribution, etc. 1950.
300 ## - PHYSICAL DESCRIPTION
Pagination 400 p. ;
Size 17 cm.
650 ## - SUBJECT ADDED ENTRY--TOPICAL TERM
Topical term or geographic name as entry element Russian fiction
9 (RLIN) 194390
700 ## - ADDED ENTRY--PERSONAL NAME
Personal name Fineberg, J.
830 ## - SERIES ADDED ENTRY--UNIFORM TITLE
Uniform title Library of selected Soviet literature
942 ## - ADDED ENTRY ELEMENTS (KOHA)
Source of classification or shelving scheme Dewey Decimal Classification
Koha item type Books
Holdings
Lost status Source of classification or shelving scheme Damaged status Not for loan Collection code Permanent Location Current Location Shelving location Date acquired Source of acquisition Cost, normal purchase price Total Checkouts Full call number Date last seen Copy number Koha item type
  Dewey Decimal Classification   Not For Loan Fiction Central Library, University of Rajshahi Central Library, University of Rajshahi Reading Room 24/10/1990 Shaukat Osman, Dhaka 0.00   891.73 PAH 1950 11/03/2017 C-1 Books